<The >Impact of quality management on economic performance of enterprises

Cez všetky uskutočnené štúdie boli vyvodené závery s cieľom analyzovať dôsledky zavádzania systémov manažérstva kvality prostredníctvom finančných výsledkov podnikov výrazne v rozpornosti. Niektorí autori dospeli k záveru, že existuje pozitívny vzťah medzi systémom manažérstva kvality a finančným zl...

ver descrição completa

Na minha lista:
Detalhes bibliográficos
Autor principal: Štofová, Lenka, 1989-
Formato: Capítulo de Livro
Idioma:inglês
Assuntos:
Tags: Adicionar Tag
Sem tags, seja o primeiro a adicionar uma tag!

MARC

LEADER 00000nla a2200000 4500
001 0236273
005 20240502073825.0
041 0 |a eng 
044 |a SK 
245 1 0 |a <The >Impact of quality management on economic performance of enterprises  |c Lenka Štofová 
520 |a Cez všetky uskutočnené štúdie boli vyvodené závery s cieľom analyzovať dôsledky zavádzania systémov manažérstva kvality prostredníctvom finančných výsledkov podnikov výrazne v rozpornosti. Niektorí autori dospeli k záveru, že existuje pozitívny vzťah medzi systémom manažérstva kvality a finančným zlepšením podnikov, zatiaľ čo iní autori neidentifikovali dôkazy podporujúce takýto vzťah. To si vyžaduje sledovanie a analýzu nákladov na kvalitu. Pozornosť by sa mala venovať kvalite kvôli svojmu priamemu vplyvu na lojalitu zákazníkov. Kontrola kvality môže byť založená na 8 princípoch manažérstva kvality, ktorých implementácia významne prispieva k zvýšeniu efektivity fungovania a finančnej prosperity podniku. Najvýznamnejším problémom kontroly kvality tiež predstavuje fluktuácia zamestnancov a nedostatočné vedenie záznamov o nákladoch na kvalitu. 
610 2 0 |a riadenie kvality 
610 2 0 |a systémy informačné manažérske 
610 2 0 |a výkonnosť podniku 
610 2 0 |a náklady na kvalitu 
100 1 |a Štofová, Lenka, 1989-